000 01246nam a2200169Ia 4500
008 220216s9999 xx 000 0 und d
100 _aYixian Xie
245 0 _aIdentification of the pathogen causing red root disease of rubber trees
260 _bProceedings of IRRDB Symposium 1999, Hainan, Peoples Republic of China. pp.304-312.
520 _aThe isolates causing red root disease of Hevea brasiliensis was collected from Hainan Island. According to their morphological characteristics, all the isolates were identified as Ganoderma pseudoferreum (wakef.) Over.et steinm, which was the same as the one reported before. However, isolates corresponding to different locations varied in morphology and microstructure, such as basidiocarp, basidiospore characteristic and tube diaphragm, aggressiveness and virulence, response to Tridemorph, growth rate and germination ability of basidiospore. In the light of these differences, these isolates were divided into two types, of which isolate J01 was thought to be a variety of Ganoderma pseudoferreum (wakef.) Over.et steinm.
650 _aHevea brasiliensis
650 _aRed root disease
700 _aHuiqiang Zhang
700 _aXiangshe Wang
700 _aYunqiang Zhang
942 _cJS
999 _c60675
_d60675